| 000 | 01136cab a2200397 4500 | ||
|---|---|---|---|
| 001 | ABS55960 | ||
| 008 | 090401t1996 xxu||||| |||| 00| 0 eng d | ||
| 035 | _a(Sirsi) u20123 | ||
| 041 | _aeng | ||
| 245 | _aSouth-West and Wales | ||
| 260 | _c1996 | ||
| 350 | _a0 | ||
| 490 |
_aProperty Week _v54(4) 25 October 1996, 37-60(12) |
||
| 650 | _aATLANTIC WHARF | ||
| 650 | _aBRISTOL | ||
| 650 | _aBROADMEAD SHOPPING CENTRE | ||
| 650 | _aCARDIFF | ||
| 650 | _aCASTLE QUAYS SHOPPING CENTRE | ||
| 650 | _aCRIBBS CAUSEWAY | ||
| 650 | _aFILTON AIRFIELD | ||
| 650 | _aINDUSTRIAL MARKET | ||
| 650 | _aINVESTMENT MARKET | ||
| 650 | _aINWARD INVESTMENT | ||
| 650 | _aLG GROUP | ||
| 650 | _aNEWPORT | ||
| 650 | _aPROPERTY-COMMERCIAL PROPERTY-OFFICE PROPERTY-OFFICE PROPERTY MARKET | ||
| 650 | _aPROPERTY-COMMERCIAL PROPERTY-RETAIL PROPERTY-RETAIL PROPERTY MARKET | ||
| 650 | _aSOUTH WALES | ||
| 650 | _aSOUTH-WEST ENGLAND | ||
| 650 | _aSWANSEA | ||
| 650 | _aWALES | ||
| 650 | _aWELSH DEVELOPMENT AGENCY | ||
| 690 | _aPROPERTY-COMMERCIAL PROPERTY-COMMERCIAL PROPERTY MARKET | ||
| 942 | _n0 | ||
| 948 | _c04/03/1997 | ||
| 999 |
_c13481 _d13481 |
||